| 000 | 00368 a2200145 4500 | ||
|---|---|---|---|
| 003 | NUST | ||
| 005 | 20230215152025.0 | ||
| 040 | _cNust | ||
| 082 | _a297,AHM | ||
| 100 |
_aAhmed , Ishtiaq _989835 |
||
| 245 |
_aIbrat Ka Nishan / عبرت کا نشان (Urdu) / _cIshtiaq Ahmed |
||
| 260 |
_aLahore _bDar-us-salam _c2006 |
||
| 300 | _a24p.; | ||
| 942 |
_2ddc _cBK _k297,AHM |
||
| 999 |
_c217206 _d217206 |
||